[Event "LAT-ch Women 2017"]
[Site "Riga"]
[Date "2017.10.06"]
[Round "2"]
[White "Limanovska, Elizabete"]
[Black "Golsta, Ramona"]
[Result "1/2-1/2"]
[WhiteElo "1972"]
[BlackElo "1719"]
[Annotator "NA RC"]
[PlyCount "59"]
[EventDate "2017.??.??"]
[EventType "swiss"]
[EventCountry "LAT"]
[SourceTitle "playchess.com"]
[Source "ChessBase"]
[SourceQuality "1"]
[TimeControl "5400+30"]

1. e4 {[%emt 0:03:08]} c5 {[%emt 0:00:14]} 2. Nf3 {[%emt 0:00:03]} Nc6 {[%emt 0:00:20]} 3. Bb5 {[%emt 0:00:05]} d6 {[%emt 0:01:08]} 4. O-O {[%emt 0:00:13]} Bd7 {[%emt 0:00:34]} 5. Re1 {[%emt 0:00:06]} Nf6 {[%emt 0:01:44]} 6. c3 {[%emt 0:00:40]} a6 {[%emt 0:00:56]} 7. Bf1 {[%emt 0:00:36]} Bg4 {[%emt 0:00:43]} 8. d4 {[%emt 0:21:31]} cxd4 {[%emt 0:19:16]} 9. cxd4 {[%emt 0:00:18]} e6 {[%emt 0:11:17] B51: Sicilian: Moscow Variation (3 Bb5+) without 3...Bd7} 10. d5 {[%emt 0:12:15]} Ne5 {[%emt 0:02:19]} 11. dxe6 $146 {[%emt 0:07:18]} ({Predecessor:} 11. Be2 Bxf3 12. Bxf3 {½-½ (12) Sax,G (2568)-Akopian,V (2705) Saint Vincent 2005}) 11... fxe6 {[%emt 0:06:31]} 12. Qb3 {[%emt 0:03:34]} Bxf3 {[%emt 0:03:24]} 13. gxf3 {[%emt 0:00:18]} Qd7 {[%emt 0:03:11]} 14. f4 {[%emt 0:18:08]} Nc6 {[%emt 0:03:09]} 15. Bh3 {[%emt 0:04:36]} Nd8 {[%emt 0:10:32]} 16. Nc3 {[%emt 0:02:24]} Qf7 {[%emt 0:02:12]} 17. Kh1 {[%emt 0:05:01]} Be7 {[%emt 0:01:11]} 18. Qa4+ {[%emt 0:06:14]} Nc6 {[%emt 0:04:24]} 19. e5 {[%emt 0:01:25]} dxe5 {[%emt 0:04:40]} 20. Rxe5 {[%emt 0:00:54]} Rd8 {[%emt 0:05:25]} 21. Bxe6 {[%emt 0:03:40]} Qg6 {[%emt 0:00:23]} 22. Bf5 {[%emt 0:01:41]} Qh6 {[%emt 0:01:45]} 23. Re3 {[%emt 0:05:17]} Qh4 {[%emt 0:03:30]} 24. Qc2 {[%emt 0:01:19] [#]} Nd4 $1 {[%emt 0:02:30]} 25. Qa4+ {[%emt 0:00:56] [#]} (25. Qd3 $17) 25... b5 $1 26. Qxa6 {[%emt 0:00:33]} Qxf2 {[%emt 0:03:19]} 27. Bd3 {[%emt 0:00:40]} ({Don't go for} 27. Bh3 $2 {[#]} Ng4 $1 $19 {[%mdl 512]}) 27... Ng4 {[%emt 0:01:19]} 28. Rh3 {[%emt 0:00:31]} Qe1+ {[%emt 0:04:40]} 29. Kg2 {[%emt 0:00:03]} Qf2+ $11 {[%emt 0:00:13]} (29... Kf7 $19 30. Ne4 Ne2) 30. Kh1 {[%emt 0:00:02]} 1/2-1/2

[Event "LAT-ch Women 2017"]
[Site "Riga"]
[Date "2017.10.06"]
[Round "2"]
[White "Sarnovska, Eira"]
[Black "Ungure, Liga"]
[Result "0-1"]
[WhiteElo "1727"]
[BlackElo "1923"]
[Annotator "NA RC"]
[PlyCount "98"]
[EventDate "2017.??.??"]
[EventType "swiss"]
[EventCountry "LAT"]
[SourceTitle "playchess.com"]
[Source "ChessBase"]
[SourceQuality "1"]
[TimeControl "5400+30"]

1. Nf3 {[%emt 0:00:00]} Nf6 {[%emt 0:00:05]} 2. g3 {[%emt 0:00:00]} g6 {[%emt 0:00:15]} 3. Bg2 {[%emt 0:00:16]} Bg7 {[%emt 0:00:06]} 4. c4 {[%emt 0:00:05]} O-O {[%emt 0:01:09]} 5. Nc3 {[%emt 0:02:43]} d6 {[%emt 0:00:25]} 6. O-O {[%emt 0:00:24]} e5 {[%emt 0:00:27]} 7. d3 {[%emt 0:00:18]} Nc6 {[%emt 0:01:05]} 8. Rb1 {[%emt 0:01:09]} h6 {[%emt 0:06:05]} 9. b4 {[%emt 0:03:03]} a6 {[%emt 0:01:16]} 10. a4 {[%emt 0:04:13] A26: English Opening vs King's Indian with ...Nc6 and d3} Be6 {[%emt 0:07:34]} (10... Ne7 11. Ba3 c6 12. c5 Re8 13. e4 Bg4 14. Qb3 Nd7 15. Nd2 Nc8 16. Qc2 Bf8 17. cxd6 Nxd6 {0-1 (56) Vachier Lagrave,M (2742)-Aronian,L (2795) Bilbao 2013}) 11. Qc2 $146 {[%emt 0:08:46]} ({Predecessor:} 11. b5 axb5 12. axb5 Ne7 13. Bb2 Nd7 14. Nd2 c6 15. Ra1 Qc7 16. Qb1 Nb6 17. Qc2 f5 18. Nb3 c5 19. Ra5 e4 20. Rfa1 Rxa5 21. Nxa5 Kh7 22. dxe4 Nxc4 23. Nxc4 Bxc4 24. exf5 Nxf5 {0-1 (43) Zhao,X (2538)-Dzagnidze,N (2541) Lopota 2014}) 11... a5 {[%emt 0:05:20]} 12. b5 {[%emt 0:03:01]} Nb4 {[%emt 0:00:26]} 13. Qd2 {[%emt 0:01:14]} c5 {[%emt 0:02:44]} 14. Bb2 {[%emt 0:13:06]} Nd7 {[%emt 0:05:48]} 15. Ne1 {[%emt 0:05:20]} Rb8 {[%emt 0:03:22]} 16. f4 {[%emt 0:08:35]} f5 {[%emt 0:09:58]} 17. Nc2 {[%emt 0:12:00]} Nb6 {[%emt 0:07:00]} 18. e4 {[%emt 0:06:18]} exf4 19. Rxf4 {[%emt 0:00:50]} Qg5 {[%emt 0:23:20]} 20. Nxb4 axb4 {[%emt 0:02:27]} 21. Ne2 {[%emt 0:11:28]} Nxa4 {[%emt 0:03:44]} 22. Bxg7 Kxg7 {[%emt 0:00:02]} 23. Qc2 {[%emt 0:06:08]} Nb6 {[%emt 0:00:59]} 24. Ra1 {[%emt 0:00:41]} Qf6 {[%emt 0:02:03]} 25. Qd1 {[%emt 0:03:07]} g5 {[%emt 0:04:01]} 26. Rf1 {[%emt 0:00:23]} Qe5 {[%emt 0:00:57]} 27. exf5 Bxf5 {[%emt 0:01:56]} 28. Qd2 {[%emt 0:05:12]} Rbe8 {[%emt 0:03:11]} 29. Rae1 {[%emt 0:00:33]} Qe3+ {[%emt 0:01:27]} 30. Qxe3 {[%emt 0:00:06]} Rxe3 {[%emt 0:00:02]} 31. Bxb7 {[%emt 0:01:51]} (31. Nc1 $142 Rxe1 32. Rxe1) 31... Bxd3 {[%emt 0:01:18]} 32. Rxf8 {[%emt 0:00:46]} Kxf8 {[%emt 0:00:26]} 33. Kf2 {[%emt 0:00:47]} Rxe2+ {[%emt 0:00:27]} 34. Rxe2 {[%emt 0:00:06]} Bxe2 {[%emt 0:00:06]} 35. Kxe2 {[%emt 0:00:05]} Nxc4 {[%emt 0:00:35]} 36. Kd3 {[%emt 0:00:30]} Nb6 {[%emt 0:00:31]} 37. Be4 {[%emt 0:01:16]} Ke7 {[%emt 0:00:23]} 38. g4 {[%emt 0:00:26]} Kf6 {[%emt 0:00:10]} 39. Bh7 {[%emt 0:00:38]} Ke5 {[%emt 0:00:15]} 40. Ke3 {[%emt 0:00:47]} c4 {[%emt 0:01:23]} 41. Bf5 {[%emt 0:00:59]} Kd5 {[%emt 0:01:08]} 42. Bg6 {[%emt 0:01:30]} Kc5 {[%emt 0:00:09]} 43. Be8 {[%emt 0:00:07]} Nd5+ $19 {[%emt 0:00:34]} 44. Kd2 {[%emt 0:00:32]} Nc7 {[%emt 0:00:06]} 45. Bd7 {[%emt 0:00:34]} Nxb5 {[%emt 0:00:13]} 46. Bf5 {[%emt 0:00:22]} Nd4 {[%emt 0:00:13]} 47. Bg6 {[%emt 0:00:12]} b3 {[%emt 0:01:27]} 48. Kc3 {[%emt 0:00:13]} Nb5+ {[%emt 0:00:15]} 49. Kb2 {[%emt 0:00:07]} Kb4 {[%emt 0:00:23]} 0-1

[Event "LAT-ch Women 2017"]
[Site "Riga"]
[Date "2017.10.06"]
[Round "2"]
[White "Golsta, Madara"]
[Black "Vainovska, Valentina"]
[Result "0-1"]
[WhiteElo "1716"]
[BlackElo "1676"]
[Annotator "NA RC"]
[PlyCount "69"]
[EventDate "2017.??.??"]
[EventType "swiss"]
[EventCountry "LAT"]
[SourceTitle "playchess.com"]
[Source "ChessBase"]
[SourceQuality "1"]
[TimeControl "5400+30"]

1. e4 {[%emt 0:00:00]} e5 {[%emt 0:00:29]} 2. Nf3 {[%emt 0:00:33]} Nc6 {[%emt 0:00:40]} 3. Nc3 {[%emt 0:01:21]} Nf6 {[%emt 0:04:38]} 4. Bb5 {[%emt 0:01:10]} d6 {[%emt 0:04:25]} 5. d4 {[%emt 0:00:50]} Bd7 {[%emt 0:00:47]} 6. d5 {[%emt 0:06:09]} Ne7 {[%emt 0:02:20]} 7. Bc4 {[%emt 0:01:54]} Ng6 {[%emt 0:02:57]} 8. h3 {[%emt 0:04:58]} Be7 {[%emt 0:00:59]} 9. O-O {[%emt 0:00:26]} O-O {[%emt 0:02:15]} 10. Be3 {[%emt 0:03:41]} a6 {[%emt 0:06:22]} 11. a4 {[%emt 0:02:50]} Nh5 {[%emt 0:05:20]} 12. Bd3 {[%emt 0:03:41]} Nhf4 {[%emt 0:00:37]} 13. Ne2 {[%emt 0:00:38]} Nxd3 {[%emt 0:15:13]} 14. Qxd3 {[%emt 0:00:31]} f5 {[%emt 0:00:20]} 15. exf5 {[%emt 0:02:56]} Bxf5 {[%emt 0:02:25]} 16. Qc4 {[%emt 0:00:59]} Bxh3 {[%emt 0:03:41]} 17. Ra3 {[%emt 0:08:19]} Qd7 {[%emt 0:03:35]} 18. Nh2 {[%emt 0:07:10]} Bf5 {[%emt 0:07:48]} 19. g4 {[%emt 0:01:38]} b5 {[%emt 0:00:21]} 20. Qb4 {[%emt 0:03:56]} Bxc2 {[%emt 0:07:18]} 21. a5 {[%emt 0:02:28]} Nh4 {[%emt 0:03:46]} 22. Qd2 {[%emt 0:11:47]} Bg6 {[%emt 0:08:34]} 23. Bg5 {[%emt 0:01:08]} h6 {[%emt 0:10:39]} 24. Bxe7 Qxe7 {[%emt 0:00:09]} 25. Rc3 {[%emt 0:04:41]} Rac8 {[%emt 0:02:27]} 26. Ng3 {[%emt 0:00:49]} Rf4 {[%emt 0:00:54]} 27. Re1 {[%emt 0:01:45]} Qf7 {[%emt 0:00:41]} 28. Rc6 {[%emt 0:05:17]} Rd4 {[%emt 0:01:26]} 29. Qe3 {[%emt 0:01:18]} Qxd5 {[%emt 0:00:21]} 30. f3 {[%emt 0:01:44]} Qxc6 {[%emt 0:00:22]} 31. Qf2 {[%emt 0:01:19]} Rf4 {[%emt 0:01:03]} 32. Re3 {[%emt 0:00:33]} Rcf8 {[%emt 0:00:25]} 33. Rc3 {[%emt 0:00:27]} Qd5 {[%emt 0:00:45]} 34. Rxc7 {[%emt 0:01:56]} Nxf3+ {[%emt 0:00:26]} 35. Nxf3 {[%emt 0:00:17]} 0-1

[Event "LAT-ch Women 2017"]
[Site "Riga"]
[Date "2017.10.06"]
[Round "2"]
[White "Ivanova, Katrina Telma"]
[Black "Osobskaja, Zinaida"]
[Result "0-1"]
[WhiteElo "1306"]
[BlackElo "1646"]
[Annotator "NA RC"]
[PlyCount "105"]
[EventDate "2017.??.??"]
[EventType "swiss"]
[EventCountry "LAT"]
[SourceTitle "playchess.com"]
[Source "ChessBase"]
[SourceQuality "1"]
[TimeControl "5400+30"]

1. e4 {[%emt 0:00:00]} c5 {[%emt 0:00:16]} 2. Nf3 {[%emt 0:00:00]} e6 {[%emt 0:00:29]} 3. d4 cxd4 {[%emt 0:00:09]} 4. Nxd4 {[%emt 0:00:26]} a6 {[%emt 0:01:04]} 5. Bd3 {[%emt 0:01:37]} Nc6 {[%emt 0:00:28]} 6. Nxc6 dxc6 {[%emt 0:02:16]} 7. O-O {[%emt 0:03:39]} b5 {[%emt 0:04:38]} 8. a4 {[%emt 0:07:28]} Bd7 {[%emt 0:00:59]} 9. axb5 {[%emt 0:05:31]} axb5 {[%emt 0:01:34]} 10. Rxa8 {[%emt 0:00:45]} Qxa8 {[%emt 0:00:03]} 11. e5 {[%emt 0:05:39]} Ne7 {[%emt 0:00:46]} 12. Qe2 {[%emt 0:19:19]} Nd5 {[%emt 0:07:10]} 13. c4 {[%emt 0:10:16]} bxc4 {[%emt 0:00:23]} 14. Bxc4 {[%emt 0:00:49]} Be7 {[%emt 0:00:41]} 15. Qg4 {[%emt 0:05:04]} Kf8 {[%emt 0:00:35]} 16. Rd1 {[%emt 0:04:29]} h5 {[%emt 0:11:46]} 17. Qf3 {[%emt 0:02:46]} Qb8 {[%emt 0:01:03]} 18. Re1 {[%emt 0:03:29]} g6 {[%emt 0:12:32]} 19. Nc3 {[%emt 0:04:04]} Qb4 {[%emt 0:02:20]} 20. Bxd5 {[%emt 0:02:46]} cxd5 {[%emt 0:00:26]} 21. Rd1 {[%emt 0:01:16]} Qb8 {[%emt 0:01:30]} 22. Re1 {[%emt 0:09:19]} Kg7 {[%emt 0:01:05]} 23. Qh3 {[%emt 0:06:10]} Qc7 {[%emt 0:01:47]} 24. Qf3 {[%emt 0:02:34]} Qc4 {[%emt 0:02:23]} 25. Qe2 Qxe2 {[%emt 0:02:34]} 26. Nxe2 {[%emt 0:01:49]} Rb8 {[%emt 0:00:49]} 27. Nd4 {[%emt 0:01:26]} Rb4 {[%emt 0:07:48]} 28. Nc2 {[%emt 0:00:52]} Rc4 {[%emt 0:01:34]} 29. Ne3 {[%emt 0:00:27]} Rb4 {[%emt 0:04:00]} 30. g3 {[%emt 0:01:00]} Ba4 {[%emt 0:00:26]} 31. Kg2 {[%emt 0:00:57]} f5 {[%emt 0:02:24]} 32. f4 {[%emt 0:00:40]} Bc5 {[%emt 0:02:07]} 33. Nd1 {[%emt 0:00:22]} Bc6 {[%emt 0:00:42]} 34. Kf1 {[%emt 0:00:55]} d4 {[%emt 0:00:43]} 35. Nf2 {[%emt 0:00:31]} Bb5+ {[%emt 0:00:56]} 36. Kg2 {[%emt 0:00:24]} Rb3 {[%emt 0:00:38]} 37. Rd1 {[%emt 0:00:52]} d3 {[%emt 0:00:58]} 38. h3 {[%emt 0:00:28]} Bd4 {[%emt 0:00:20]} 39. Rd2 {[%emt 0:00:10]} Be3 {[%emt 0:06:22]} 40. Rd1 {[%emt 0:00:24]} Bxc1 {[%emt 0:03:48]} 41. Rxc1 {[%emt 0:00:04]} Rxb2 {[%emt 0:00:13]} 42. Rc7+ {[%emt 0:00:54]} Kf8 {[%emt 0:00:41]} 43. Rc8+ {[%emt 0:00:14]} Ke7 {[%emt 0:00:13]} 44. Rc7+ {[%emt 0:00:11]} Kd8 {[%emt 0:00:07]} 45. Ra7 {[%emt 0:00:27]} Re2 {[%emt 0:00:37]} 46. Ra1 {[%emt 0:00:47]} Kc7 {[%emt 0:01:34]} 47. Rd1 {[%emt 0:01:24]} d2 {[%emt 0:00:43]} 48. Rb1 {[%emt 0:00:39]} Kc6 {[%emt 0:00:49]} 49. Ra1 {[%emt 0:00:21]} Ba4 {[%emt 0:01:30]} 50. Rxa4 {[%emt 0:00:15]} Rxf2+ {[%emt 0:00:21]} 51. Kxf2 {[%emt 0:00:07]} d1=Q {[%emt 0:00:16]} 52. Rc4+ {[%emt 0:00:08]} Kd5 {[%emt 0:00:45]} 53. Rc3 0-1

[Event "LAT-ch Women 2017"]
[Site "Riga"]
[Date "2017.10.07"]
[Round "3"]
[White "Berzina, Ilze"]
[Black "Golsta, Ramona"]
[Result "1-0"]
[WhiteElo "2245"]
[BlackElo "1719"]
[Annotator "TA"]
[PlyCount "61"]
[EventDate "2017.??.??"]
[EventType "swiss"]
[EventCountry "LAT"]
[SourceTitle "playchess.com"]
[Source "ChessBase"]
[SourceQuality "1"]

{[%evp 22,61,50,46,69,51,58,52,73,41,57,35,42,42,44,32,40,38,75,72,73,66,95,97,94,100,122,125,109,117,182,180,155,160,169,158,162,181,406,408,616,612]} 1. e4 c5 2. Nf3 Nc6 3. Bb5 d6 4. O-O Bd7 5. Re1 Nf6 6. h3 a6 7. Bf1 e5 8. c3 Be7 9. d4 cxd4 {B51: Sicilian: Moscow Variation (3 Bb5+) without 3...Bd7} (9... O-O 10. d5 Na7 11. Nxe5 dxe5 12. d6 Be6 13. dxe7 Qxe7 14. Nd2 Rfd8 15. Qc2 Rac8 16. b3 b5 17. a4 {1-0 (35) Svidler,P (2727)-Movsesian,S (2658) Berlin 2015}) 10. cxd4 exd4 11. Nxd4 O-O 12. Nc3 {LiveBook: 6 Games} b5 13. a3 Re8 $146 ({Predecessor:} 13... Nxd4 14. Qxd4 Be6 {½-½ (42) Kuba,G (2215)-Grab,R (2040) Wattens 1997}) 14. Bf4 Rc8 15. Rc1 {[%cal Ba1c1,Bc1c2,Bc2d2][%mdl 32]} Ne5 16. Rc2 Bf8 17. Bg5 {[%cal Bf4g5,Bg5h4,Bh4g3][%mdl 32]} h6 18. Bh4 Ng6 19. Bg3 Bc6 20. Nxc6 Rxc6 21. Rd2 Ne5 22. f4 Nc4 23. Bxc4 $1 Rxc4 24. e5 Nd7 25. Ne4 $36 {[%mdl 2048] White is in control.} Qb6+ (25... Qa8 $16) 26. Bf2 $18 Qc7 27. Nxd6 Bxd6 28. Rxd6 Nc5 29. Qd5 Rc8 $2 {[#]} (29... Ne6 {keeps fighting.}) 30. f5 Kh8 (30... Qb7 $142 31. Rd8+ Kh7) 31. b4 {Precision: White = 82%, Black = 43%.} 1-0

[Event "LAT-ch Women 2017"]
[Site "Riga"]
[Date "2017.10.07"]
[Round "3"]
[White "Krumina, Linda"]
[Black "Ungure, Liga"]
[Result "1-0"]
[WhiteElo "2096"]
[BlackElo "1923"]
[Annotator "NA RC"]
[PlyCount "73"]
[EventDate "2017.??.??"]
[EventType "swiss"]
[EventCountry "LAT"]
[SourceTitle "playchess.com"]
[Source "ChessBase"]
[SourceQuality "1"]
[TimeControl "5400+30"]

1. Nf3 {[%emt 0:00:00]} Nf6 {[%emt 0:00:26]} 2. c4 {[%emt 0:00:00]} g6 {[%emt 0:00:42]} 3. d4 {[%emt 0:00:00]} Bg7 {[%emt 0:00:06]} 4. Nc3 {[%emt 0:00:01]} O-O {[%emt 0:00:07]} 5. e4 {[%emt 0:00:05]} d6 {[%emt 0:00:12]} 6. Be2 {[%emt 0:00:13]} e5 {[%emt 0:00:30]} 7. O-O {[%emt 0:00:10]} exd4 {[%emt 0:02:02]} 8. Nxd4 {[%emt 0:02:03]} Re8 {[%emt 0:00:20]} 9. f3 {[%emt 0:00:13]} Nc6 {[%emt 0:02:06]} 10. Be3 {[%emt 0:02:17]} Nh5 {[%emt 0:04:03]} 11. Nxc6 {[%emt 0:12:37]} bxc6 {[%emt 0:02:18]} 12. Qd2 {[%emt 0:02:55]} Qe7 {[%emt 0:11:06]} 13. Rad1 {[%emt 0:21:09] E94: King's Indian: Classical: 6 Be2 e5 7 0-0: Various Black 7th moves} f5 {[%emt 0:07:26]} 14. Bg5 {[%emt 0:01:48]} (14. Rfe1 Nf6 15. Bd3 fxe4 16. Nxe4 Bf5 17. Nf2 Bxd3 18. Nxd3 Qf7 19. b3 a5 20. Qc2 Nd7 {1-0 (51) Lenderman,A (2582)-Naroditsky,D (2543) Saint Louis 2014}) 14... Nf6 {[%emt 0:09:23]} 15. c5 $146 {[%emt 0:11:23]} ({Predecessor:} 15. Rfe1 fxe4 16. fxe4 Qe5 17. Bf4 Qc5+ 18. Be3 Qa5 19. Bf3 Ng4 20. Bd4 Ne5 21. Be2 {½-½ (43) Klaric,A (1840)-Plenkovic,Z (2346) Stobrec 2008}) 15... dxc5 {[%emt 0:14:58]} (15... d5 $1 $11 {hält das Gleichgewicht.}) 16. exf5 {[%emt 0:02:44]} Bxf5 {[%emt 0:04:21]} 17. Bc4+ {[%emt 0:02:02]} Kh8 {[%emt 0:03:32]} 18. g4 {[%emt 0:08:53]} Rad8 {[%emt 0:04:44]} 19. Qf4 {[%emt 0:02:37]} Rd4 $1 {[%emt 0:01:34]} 20. Rxd4 {[%emt 0:02:01]} cxd4 {[%emt 0:00:02]} 21. Ne4 {[%emt 0:02:41]} Bxe4 {[%emt 0:06:08]} 22. fxe4 {[%emt 0:00:10]} Rf8 {[%emt 0:01:51]} 23. e5 {[%emt 0:03:28]} Nd5 {[%emt 0:01:38]} 24. Bxe7 {[%emt 0:04:43]} Rxf4 {[%emt 0:00:21]} 25. Rxf4 {[%emt 0:01:27]} Nxf4 {[%emt 0:00:11] [#]} 26. e6 $1 {[%emt 0:01:51]} d3 {[%emt 0:10:34] [#]} 27. Bb4 $1 {[%emt 0:04:03]} Bf6 $2 {[%emt 0:00:40]} (27... Nxe6 28. Bxe6 Bxb2) 28. e7 {[%emt 0:00:43]} Ne2+ {[%emt 0:04:04]} 29. Kf1 {[%emt 0:01:26]} Bxe7 {[%emt 0:00:46]} 30. Bxe7 {[%emt 0:00:14]} Kg7 {[%emt 0:00:57]} 31. Bxd3 $18 {[%emt 0:00:25]} Nf4 {[%emt 0:01:01]} 32. Be4 {[%emt 0:01:26]} Nd5 {[%emt 0:02:01]} 33. Bc5 {[%emt 0:00:34]} a6 {[%emt 0:00:10]} 34. g5 {[%emt 0:01:36]} Kf7 {[%emt 0:00:31]} 35. h4 {[%emt 0:01:42]} Ke6 {[%emt 0:00:22]} 36. Kf2 {[%emt 0:02:25]} Ke5 {[%emt 0:00:25]} 37. Kf3 {[%emt 0:00:57]} 1-0

[Event "LAT-ch Women 2017"]
[Site "Riga"]
[Date "2017.10.07"]
[Round "3"]
[White "Maklakova, Nellija"]
[Black "Limanovska, Elizabete"]
[Result "1-0"]
[WhiteElo "1800"]
[BlackElo "1972"]
[Annotator "NA RC"]
[PlyCount "63"]
[EventDate "2017.??.??"]
[EventType "swiss"]
[EventCountry "LAT"]
[SourceTitle "playchess.com"]
[Source "ChessBase"]
[SourceQuality "1"]
[TimeControl "5400+30"]

{[%evp 10,48,-8,32767,-5,-19,-19,-13,-4,-32,-37,-41,32767,-72,-81,32767,32767,32767,32767,32767,32767,0,32767,32767,2,8,1,4,16,32767,32767,0,14,0,7,21,898,25,118,116,199]} 1. c4 {[%emt 0:00:00]} Nf6 {[%emt 0:00:11]} 2. Nc3 {[%emt 0:00:00]} e6 {[%emt 0:01:11]} 3. g3 {[%emt 0:00:16]} d5 {[%emt 0:03:10]} 4. cxd5 {[%emt 0:00:20]} exd5 {[%emt 0:00:58]} 5. d4 {[%emt 0:01:43]} c6 {[%emt 0:04:27]} 6. Bg2 {[%emt 0:05:50]} Be7 {[%emt 0:01:27]} 7. Nf3 {[%emt 0:00:55]} Bf5 {[%emt 0:11:06]} 8. O-O {[%emt 0:02:08] LiveBook: 8 Games} h6 {[%emt 0:02:14]} 9. a3 {[%emt 0:06:04]} O-O {[%emt 0:03:26]} 10. b4 {[%emt 0:02:31] A17: English Opening: 1...Nf6 with ...Bb4} (10. Nh4 Bh7 11. Bh3 Re8 12. Bf5 Nbd7 13. Bxh7+ Nxh7 14. Nf5 Bf8 15. f3 Qf6 16. e4 Qe6 17. g4 dxe4 18. fxe4 {½-½ (67) Pupke,P (2289)-Sarak,M (2243) GER email 2008}) 10... Ne4 {[%emt 0:05:25]} 11. Na4 $146 {[%emt 0:06:57]} ({Predecessor:} 11. Bb2 a5 12. bxa5 Nd7 13. Nxe4 Bxe4 14. Bc3 Bd6 15. Nd2 Bxg2 16. Kxg2 Nf6 17. e3 Bc7 {½-½ (44) Bedic,Z (2186)-Gajic,M (2127) Croatia 2011}) 11... a5 {[%emt 0:10:20]} 12. Bd2 {[%emt 0:18:46]} Nxd2 {[%emt 0:12:20]} 13. Qxd2 {[%emt 0:01:02]} axb4 {[%emt 0:00:20]} 14. axb4 {[%emt 0:00:31]} Nd7 {[%emt 0:19:28]} 15. Qf4 {[%emt 0:12:18]} Bh7 {[%emt 0:02:23]} 16. Nc5 {[%emt 0:03:14]} Rxa1 {[%emt 0:05:32]} 17. Rxa1 {[%emt 0:00:18]} b6 {[%emt 0:00:04]} 18. Nxd7 {[%emt 0:02:37]} Qxd7 {[%emt 0:00:04]} 19. Ne5 {[%emt 0:11:58]} Qe6 {[%emt 0:02:43]} 20. Qc1 {[%emt 0:04:49]} Rc8 {[%emt 0:01:35]} 21. Ra7 {[%emt 0:01:24]} f6 {[%emt 0:06:25]} 22. Nd7 {[%emt 0:06:26]} Bxb4 $2 {[%emt 0:01:51] [#]} (22... Rd8 $11 23. Nxb6 Rb8) 23. Nxb6 $2 {[%emt 0:00:26]} (23. Bxd5 $1 $18 {[%mdl 512]} Qxd5 {[#]} (23... cxd5 24. Qxc8+) 24. Nxf6+ $1 {[%mdl 512]} gxf6 25. Qxh6) 23... Re8 {[%emt 0:01:35] [#]} (23... Rd8 $1 $14) 24. e3 $1 {[%emt 0:01:52]} Bd3 $18 {[%emt 0:00:59]} (24... Be4 $16) 25. Qd1 {[%emt 0:02:14]} Bb5 {[%emt 0:00:43]} 26. Qh5 {[%emt 0:00:20]} Kh7 {[%emt 0:00:43]} 27. Bh3 {[%emt 0:01:22]} Be2 {[%emt 0:00:23]} 28. Bf5+ {[%emt 0:00:29]} Kh8 {[%emt 0:00:20]} 29. Qg6 {[%emt 0:00:12]} Qg8 {[%emt 0:00:05]} 30. Rxg7 {[%emt 0:01:57]} Qxg7 {[%emt 0:00:05]} 31. Qxe8+ {[%emt 0:00:04]} Qf8 {[%emt 0:01:10]} 32. Qxc6 {[%emt 0:01:22]} 1-0

[Event "LAT-ch Women 2017"]
[Site "Riga"]
[Date "2017.10.07"]
[Round "3"]
[White "Golsta, Madara"]
[Black "Lazdina, Ingrida"]
[Result "1/2-1/2"]
[WhiteElo "1716"]
[BlackElo "1937"]
[Annotator "NA RC"]
[PlyCount "63"]
[EventDate "2017.??.??"]
[EventType "swiss"]
[EventCountry "LAT"]
[SourceTitle "playchess.com"]
[Source "ChessBase"]
[SourceQuality "1"]
[TimeControl "5400+30"]

{[%evp 10,63,43,32767,32767,32767,32767,-19,32767,32767,32767,32767,-4,-11,-10,32767,-12,-22,-5,-25,20,0,33,13,32767,32767,32767,32767,32767,66,79,64,66,32767,79,62,92,112,32767,13,112,32767,118,48,58,64,32767,75,11,84,84,32767,0,0,9,16]} 1. e4 {[%emt 0:00:00]} e6 {[%emt 0:00:08]} 2. d4 {[%emt 0:00:34]} d5 {[%emt 0:00:06]} 3. Nc3 {[%emt 0:00:41]} dxe4 {[%emt 0:01:18]} 4. Nxe4 {[%emt 0:00:34]} Nd7 {[%emt 0:02:37]} 5. Nf3 {[%emt 0:05:55]} Ngf6 {[%emt 0:00:19]} 6. Ng3 {[%emt 0:02:41]} Be7 {[%emt 0:02:32]} 7. Bd3 {[%emt 0:00:29]} O-O {[%emt 0:00:53]} 8. O-O {[%emt 0:02:08]} c5 {[%emt 0:00:54]} 9. c3 {[%emt 0:01:20]} Qc7 {[%emt 0:03:11]} 10. Be3 {[%emt 0:03:13] C10: French with 3 Nc3: Unusual Black 3rd moves and 3...dxe4} (10. Re1 b6 11. Qe2 Bb7 12. h4 Bxf3 13. Qxf3 cxd4 14. cxd4 Bd6 15. Ne4 Nxe4 16. Bxe4 Rac8 17. Be3 Qd8 18. g3 Nf6 19. Bg5 {½-½ (19) Kuchynka,L (2317)-Pala,V (2345) Czechia 2009}) 10... c4 $146 {[%emt 0:04:55]} ({Predecessor:} 10... b6 11. Qd2 Bb7 12. Bf4 Bd6 13. Bxd6 Qxd6 14. Ng5 h6 15. N5e4 Qc7 16. dxc5 Nxe4 17. Bxe4 Bxe4 18. Nxe4 Nxc5 19. Nxc5 Qxc5 {1-0 (43) Denzinger,K (1705)-Luethi,M (1725) Weggis 2004}) 11. Bc2 {[%emt 0:02:18]} b5 {[%emt 0:04:42]} 12. Qe2 {[%emt 0:11:59]} Nd5 {[%emt 0:06:20]} 13. Rfe1 {[%emt 0:06:10]} a5 {[%emt 0:03:18]} 14. a3 {[%emt 0:05:57]} Ba6 {[%emt 0:04:47]} 15. Bg5 {[%emt 0:02:21]} Bd6 {[%emt 0:09:18]} 16. Ne5 {[%emt 0:04:53]} Nxe5 {[%emt 0:07:48]} 17. dxe5 {[%emt 0:00:34]} Be7 {[%emt 0:00:17]} 18. Qh5 {[%emt 0:02:02]} g6 {[%emt 0:01:52]} 19. Qh6 {[%emt 0:00:36]} Bxg5 {[%emt 0:06:31]} 20. Qxg5 {[%emt 0:00:27]} Qe7 {[%emt 0:01:41]} 21. Qh6 {[%emt 0:01:14]} f5 {[%emt 0:01:48]} 22. exf6 {[%emt 0:14:53]} Qxf6 {[%emt 0:00:10]} 23. Ne4 {[%emt 0:00:18]} Qg7 {[%emt 0:00:34]} 24. Qxg7+ {[%emt 0:00:33]} Kxg7 {[%emt 0:00:04]} 25. Nc5 {[%emt 0:00:18]} Bc8 {[%emt 0:08:48]} 26. Nxe6+ {[%emt 0:02:19]} Bxe6 {[%emt 0:00:04]} 27. Rxe6 {[%emt 0:00:06]} Rfe8 {[%emt 0:05:42]} 28. Rae1 {[%emt 0:00:44]} Rxe6 {[%emt 0:00:24]} 29. Rxe6 {[%emt 0:00:05]} b4 {[%emt 0:00:56]} 30. Rc6 {[%emt 0:07:25]} b3 {[%emt 0:11:14]} 31. Be4 {[%emt 0:02:36]} Rd8 $1 {[%emt 0:01:05]} 32. g3 $11 {[%emt 0:10:14]} 1/2-1/2